An introduction to digital computing

Sábháilte in:
Sonraí bibleagrafaíochta
Príomhchruthaitheoir: Arden, Bruce W (Údar)
Formáid: LEABHAR
Teanga:Béarla
Foilsithe / Cruthaithe: Reading Addison-Wesley 1963
Sraith:Addison-Wesley Series in Computer Science and Information Processing
Ábhair:
Clibeanna: Cuir clib leis
Níl clibeanna ann, Bí ar an gcéad duine le clib a chur leis an taifead seo!

MARC

LEADER 00000nam a2200000 a 4500
001 UCQ9310
003 CL-VaPUC
008 981230e19630000US |||||||||||||||||eng|d
082 0 4 |a 004  |b ARD  |2 21 
100 0 |a Arden, Bruce W  |e author  |9 423841 
245 1 3 |a An introduction to digital computing 
300 |a 389 p 
942 |c BK 
945 |d 19981230 00:00:00  |a cmena 
260 |a Reading  |b Addison-Wesley  |c 1963 
650 7 |a COMPUTADORES DIGITALES  |2 CL-VaPUC  |9 423842 
650 7 |a SISTEMA BINARIO  |2 CL-VaPUC  |9 357407 
650 0 |a Álgebra de Boole  |9 270013 
650 0 |a Lógica matemática   |9 262442 
583 |a last modification  |c 19981230 00:00:00  |k Rodrigo Vera 
490 0 |a Addison-Wesley Series in Computer Science and Information Processing 
999 |c 278380  |d 278378